000 00441nam a2200181Ia 4500
001 4853
005 20260306145825.0
008 260306t1986||||xx |||||||||||||| ||spa||
041 _aESP
082 _a330.985
_bB73
100 _aBonilla, Heraclio
_eAUT
245 0 _aLas crisis económicas en la historia del Perú
260 _c1986
300 _a376 páginas :
_c20 cm.
650 _aGEN
654 _aCAN
942 _cLIB
_dJUS
_fJUS
_2ddc
_n
999 _c4853
_d4853